| 000 | 00591nam a22002057a 4500 | ||
|---|---|---|---|
| 999 |
_c3311 _d3311 |
||
| 001 | 4113 | ||
| 003 | BD-DhUAP | ||
| 005 | 20200303152344.0 | ||
| 008 | 200303s1989 enka|||| |||| 00| 0 eng d | ||
| 020 | _a185460020x | ||
| 040 |
_aBD-DhUAP _bEng _cBD-DhUAP _dBD-DhUAP |
||
| 082 |
_223 _a709.04 ASP |
||
| 245 |
_aAspects of modern art / _cEdited by Andreas C. Papadakis. |
||
| 260 |
_aLondon : _bAcad. Ed., _cc1989. |
||
| 300 |
_a96 pages : _billustrations ; _c28 cm. |
||
| 490 | _aAn Art & Design Profile, 18. | ||
| 650 | _aArt, Modern. | ||
| 700 | _aPapadakis, Andreas C. | ||
| 942 |
_2ddc _cBK |
||